Báo cáo quy hoạch tỉnh Long An thời kỳ 2021 - 2023, tầm nhìn đến năm 2050 : Phụ lục

Cuốn sách trình bày về kinh nghiệm quốc tế về việc lập quy hoạch cấp địa phương, khu bảo tồn, hệ sinh thái của tỉnh Long An, thực trạng phát triển một số ngành, lĩnh vực; dự báo xu thế và triển vọng phát triển,......

全面介绍

Đã lưu trong:
书目详细资料
格式: 图书
语言:Vietnamese
出版: 2022
主题:
标签: 添加标签
没有标签, 成为第一个标记此记录!
Thư viện lưu trữ: Thư viện Trường Đại học Nam Cần Thơ
LEADER 01003nam a22001697a 4500
001 NCT_4_022357
008 250607b xxu||||| |||| 00| 0 vie d
999 |c 9091  |d 9091 
082 0 4 |2 23rd ed.  |a 307.1  |b B108C 
245 0 0 |a Báo cáo quy hoạch tỉnh Long An thời kỳ 2021 - 2023, tầm nhìn đến năm 2050 :   |b Phụ lục 
260 |c 2022 
300 |a 223 tr.  |b Ảnh màu  |c 30 cm 
520 3 |a Cuốn sách trình bày về kinh nghiệm quốc tế về việc lập quy hoạch cấp địa phương, khu bảo tồn, hệ sinh thái của tỉnh Long An, thực trạng phát triển một số ngành, lĩnh vực; dự báo xu thế và triển vọng phát triển,... 
653 |a Kinh tế chính trị 
942 |2 ddc  |c BK 
952 |0 0  |1 0  |2 ddc  |4 0  |6 307_100000000000000_B108C  |7 0  |9 30919  |a 000001  |b 000001  |d 2025-06-07  |o 307.1 B108C  |p MD.23965  |r 2025-06-07  |w 2025-06-07  |y BK 
980 |a Thư viện Trường Đại học Nam Cần Thơ